| Tag |
First Indicator |
Second Indicator |
Subfields |
| LEADER |
00000nam a2200000 4500 |
| 001 |
in00004288313 |
| 005 |
20200813080905.0 |
| 006 |
m g d |
| 007 |
cr bn |||a|bb| |
| 008 |
940407s1655 enk o 00| | eng d |
| 035 |
|
|
|a (UnM)99866504
|
| 037 |
|
|
|a CL0051000004
|b ProQuest Information and Learning. 300 N. Zeeb Rd., Ann Arbor, MI 48106
|
| 040 |
|
|
|a Cu-RivES
|c Cu-RivES
|d CStRLIN
|e dcrb
|d WaOLN
|
| 245 |
0 |
2 |
|a A Caveate for sherriffs: or, a whip for corrupt officers. :
|b Whether baliffs of franchises, or liberties, bumms, bumms fellows, bumm setters, setters mates, scumms and varlots. Discovering their unjust exactions, and cruell oppressions of the people; and the good provision made by the law (now in force) to curb their exorbitancy, and the forfeitures and dammages from them that do contrary. With proposalls to prevent this horrid charge and exaction for the time to come, which may be done with great safety and ease to the people.
|
| 246 |
2 |
|
|a Caveate for sherriffs
|
| 246 |
2 |
|
|a Whip for corrupt officers
|
| 260 |
|
|
|a London, :
|b [publisher not identified],
|c Printed in the year of our Lord, 1655.
|
| 300 |
|
|
|a 1 online resource (8 pages)
|
| 336 |
|
|
|a text
|b txt
|2 rdacontent
|
| 337 |
|
|
|a computer
|b c
|2 rdamedia
|
| 338 |
|
|
|a online resource
|b cr
|2 rdacarrier
|
| 500 |
|
|
|a Annotation on Thomason copy: "March. 26.".
|
| 500 |
|
|
|a Reproduction of the original in the British Library.
|
| 510 |
4 |
|
|a Wing (2nd edition, 1994)
|c C1613.
|
| 510 |
4 |
|
|a Thomason
|c E.830[24].
|
| 533 |
|
|
|a Electronic reproduction.
|b Ann Arbor, Mich. :
|c UMI,
|d 1999-
|f (Early English books online)
|n Digital version of: (Thomason Tracts ; 126:E830[24])
|7 s1999 miun s
|
| 650 |
|
0 |
|a Political corruption
|z England
|v Early works to 1800.
|
| 650 |
|
0 |
|a Police corruption
|z England
|v Early works to 1800.
|
| 830 |
|
0 |
|a Early English books online.
|
| 856 |
4 |
0 |
|u http://proxy.library.tamu.edu/login?url=https://search.proquest.com/docview/2240952708
|z Connect to the full text of this electronic book
|t 0
|
| 999 |
f |
f |
|s 80b81d8f-12b5-3a15-b4e5-4b96c737a085
|i e879d974-2afd-3691-8868-99e6186d612a
|t 0
|
| 952 |
f |
f |
|a Texas A&M University
|b College Station
|c Electronic Resources
|d Available Online
|t 0
|h No information provided
|
| 998 |
f |
f |
|t 0
|l Available Online
|